| 000 | 01456nam a2200337Ia 4500 | ||
|---|---|---|---|
| 001 | ebr5000218 | ||
| 003 | CaPaEBR | ||
| 006 | m u | ||
| 007 | cr cn||||||||| | ||
| 008 | 960129s1996 ne a sb 001 0 eng d | ||
| 020 | _z9027236283 (Europe) | ||
| 020 | _z1556195796 (alk. paper) | ||
| 040 |
_aCaPaEBR _cCaPaEBR |
||
| 035 | _a(OCoLC)70766194 | ||
| 050 | 1 | 4 |
_aP40 _b.T69 1996eb |
| 055 | 0 | 1 | _aP40 |
| 082 | 0 | 4 |
_a306.44 _221 |
| 245 | 0 | 0 |
_aTowards a critical sociolinguistics _h[electronic resource] / _cedited by Rajendra Singh. |
| 260 |
_aAmsterdam : _bJ. Benjamins Pub., _cc1996. |
||
| 300 |
_ax, 342 p. : _bill. |
||
| 490 | 1 |
_aAmsterdam studies in the theory and history of linguistic science. Series IV, Current issues in linguistic theory, _x0304-0763 ; _vv. 125 |
|
| 500 | _aIncludes indexes. | ||
| 504 | _aIncludes bibliographical references: p. [305]-332. | ||
| 533 |
_aElectronic reproduction. _bPalo Alto, Calif. : _cebrary, _d2013. _nAvailable via World Wide Web. _nAccess may be limited to ebrary affiliated libraries. |
||
| 650 | 0 | _aSociolinguistics. | |
| 655 | 7 |
_aElectronic books. _2local |
|
| 700 | 1 | _aSingh, Rajendra. | |
| 710 | 2 | _aebrary, Inc. | |
| 830 | 0 |
_aAmsterdam studies in the theory and history of linguistic science. _nSeries IV, _pCurrent issues in linguistic theory ; _vv. 125. |
|
| 856 | 4 | 0 |
_uhttp://site.ebrary.com/lib/rucke/Doc?id=5000218 _zAn electronic book accessible through the World Wide Web; click to view |
| 999 |
_c2703 _d2703 |
||